| 000 | 00921cam a2200253 4500 | ||
|---|---|---|---|
| 001 | ABS62659 | ||
| 008 | 000000n2000 000 0 eng u | ||
| 035 | _a(Sirsi) u107511 | ||
| 100 | _aHamson, L. | ||
| 245 | _aClear and present danger | ||
| 260 | _c2000 | ||
| 490 |
_aProperty Week _v65(29) 21 July 2000, 68-69(2) |
||
| 520 | _aThe RICS has published the first industry-wide "Guidance notes on professional ethics" Although not mandatory, chartered surveyors are urged to follow the guidance which could assist in defending against professional negligence claims in court. | ||
| 590 | _aABS | ||
| 650 | _aPROFESSIONAL ETHICS | ||
| 650 | _aRICS | ||
| 650 | _aPROFESSIONAL NEGLIGENCE | ||
| 650 | _aMONEY LAUNDERING | ||
| 650 | _aSEXUAL DISCRIMINATION | ||
| 650 | _aEQUAL OPPORTUNITIES | ||
| 650 | _aPROFESSIONAL CONDUCT | ||
| 690 | _aMANAGEMENT-BUSINESS MANAGEMENT-PROFESSIONAL PRACTICE | ||
| 942 | _n0 | ||
| 999 |
_c64256 _d64256 |
||